Historia de la vida del Buscón llamado don Pablos : (Registro nro. 10471)

Detalles MARC
000 -LIDER
fixed length control field 01016nam a22002897a 4500
001 - NÚMERO DE CONTROL
Identificador de número de control 0005840
003 - IDENTIFICACDOR DE NÚMERO DE CONTROL
control field DO-SdBNP
005 - DATE AND TIME OF LATEST TRANSACTION
control field 20230330105542.0
007 - CAMPOS FIJOS DE DESCRIPCIÓN FÍSICA
fixed length control field 0005840
008 - ELEMENTOS DE LONGITUD FIJA
fixed length control field 160621b 2009 sp |||| 00| 0 spa d
020 ## - ISBN
International Standard Book Number 9788466322607
040 ## - FUENTE DE CATALOGACIÓN
Agencia que crea de manera original el registro BPMSU
Idioma de catalogación spa
Agencia que realiza la transcripción BPMSU
082 #4 - NÚMERO DE CLASIFICACIÓN DECIMAL DE DEWEY
Classification number 863.3
Item number R696b 2009
Edition number 22
100 1# - ASIENTO PRINCIPAL -- NOMBRE PERSONAL
Nombre personal Rodríguez Bravo, Juan Luis
245 10 - MENCIÓN DE TITULO
Título Historia de la vida del Buscón llamado don Pablos :
Subtítulo ejemplo de vagamundos y espejo de tacaños /
Mención de responsabilidad Francisco de Quevedo ; estudio y notas por Juan Luis Rodríguez Bravo.
246 13 - VARIACION DEL TÍTULO
Institución que aplica el campo El buscón
260 ## - PUBLICACIÓN, DISTRIBUCIÓN, ETC. (PIE DE IMPRENTA)
Lugar de publicación, distribución, etc Madrid :
Nombre del editor, distribuidor, etc. Punto de Lectura,
Fecha de publicación, distribución, etc 2009.
300 ## - DESCRIPCIÓN FÍSICA
Extensión 263 p. ;
Dimensiones 19 cm.
490 0# - MENCIÓN DE SERIES
Mención de serie Punto de lectura, Clásicos ;
Volume/sequential designation 13
590 ## - NOTA LOCAL
Enlace Inventariado, 2023/VM
600 14 - ENCABEZAMIENTO DE MATERIA--NOMBRE PERSONAL
Nombre personal Quevedo, Francisco de,
Fechas asociadas con el nombre 1580-1645
Subdivisión de forma Crítica e interpretación
650 #4 - ENCABEZAMIENTO DE MATERIA--TEMÁTICO
Término temático o nombre geográfico como elemento de entrada Novela española
650 #4 - ENCABEZAMIENTO DE MATERIA--TEMÁTICO
Término temático o nombre geográfico como elemento de entrada Literatura española
700 1# - ASIENTO SECUNDARIO -- NOMBRE PERSONAL
Nombre personal Quevedo, Francisco de
Título de una obra El buscón
910 ## - VALIDACIÓN
Validación LPEREZ/ VMateo V. Control de calidad (BPMSU)
942 ## - ADDED ENTRY ELEMENTS (KOHA)
Source of classification or shelving scheme Dewey Decimal Classification
Koha item type Libros
Existencias
Withdrawn status Lost status Source of classification or shelving scheme Damaged status Not for loan Collection code Home library Current library Date acquired Source of acquisition Full call number Barcode Date last seen Copy number Price effective from Koha item type
    Dewey Decimal Classification     Colección General Biblioteca Pública Metropolitana Salomé Ureña Biblioteca Pública Metropolitana Salomé Ureña 06/21/2016 Santillana BPMSU CG 863.3 R696b 2009 BPMSU16060288 06/21/2016 06/21/2016 Libros
    Dewey Decimal Classification     Colección General Biblioteca Pública Metropolitana Salomé Ureña Biblioteca Pública Metropolitana Salomé Ureña 06/21/2016 Santillana BPMSU CG 863.3 R696b 2009 BPMSU16060289 06/21/2016 e.2 06/21/2016 Libros
    Dewey Decimal Classification     Colección General Biblioteca Pública Metropolitana Salomé Ureña Biblioteca Pública Metropolitana Salomé Ureña 06/21/2016 Santillana BPMSU CG 863.3 R696b 2009 BPMSU16060290 06/21/2016 e.3 06/21/2016 Libros